00620cam a22001692 450000100100000000500170001000800410002704000250006810000460009324500880013926000450022730000210027249000390029350000550033270000240038783000390041100000694720200929154029.0901102s1939 ag 000 0 spa  aDO-SdBNPcspadBNPHU1 aNietzsche, Friedrich Wilhelm,d1844-1900.13aEl pensamiento vivo de Nietzsche /cHeinrich Mann ;Traduccion por Vicente Mendivil. aBuenos Aires :bEditorial Losada,c1939. a252 p. ;c19 cm.1 aBiblioteca del pensamiento vivov5 aIncluye datos biográficos del autor en la solapa1 aMann, Heinrichetr. 0aBiblioteca del pensamiento vivon5